000 00928nam a2200289Ia 4500
001 Z_1705
003 CHAP
008 220113s1999 xx 000 0 und d
010 _a164797
040 _cCHAP
090 _aTesis O 1362
100 _aOrozco Maldonado, Rafael
_983684
245 _aFormulación de dietas de máxima utilidad para cerdos en cecimiento I. Solución con el optimizador Excel /
_cpor Rafael Orozco Maldonado
260 _aChapingo, Méx. :
_bEl autor,
_c1999
300 _a86 h. : tablas
502 _aTesis (Maestro en Ciencias Especialista en Ganadería) -- UACH. Departamento de Zootecnia
650 _aGanado porcino
_xNutrición
_945390
650 _aGanado porcino
_xPeso
_945396
650 _aLisina
650 _aProcesamiento automático de datos en ganadería
_991780
901 _aTESIS O 1362
902 _aM
910 _a1999
942 _c2
942 _c2
999 _c164797
_d164797